[Event "Koge Bugt Efteraar 2010"]
[Site "Solrod Skole"]
[Date "2010.09.01"]
[Round "3.5"]
[White "Thomsen, Heinrich Kirch"]
[Black "Jensen, Tom B"]
[Result "0-1"]
[WhiteElo "1259"]
[BlackElo "1300"]
[PlyCount "68"]
[EventDate "2010.??.??"]
[WhiteTeam "Solrød Skakklub"]
[BlackTeam "Tåstrup Skakforening"]

1. e4 e5 2. Nf3 Nc6 3. Bb5 a6 4. Ba4 Nf6 5. O-O Bc5 6. c3 O-O 7. d4 exd4 8.
cxd4 Bb6 9. d5 Ne7 10. Nc3 d6 11. Bg5 Ne8 12. Qd3 f6 13. Bh4 Ng6 14. Bg3 Ne5
15. Nxe5 fxe5 16. Ne2 Bd7 17. Bxd7 Qxd7 18. Kh1 Nf6 19. f4 Ng4 20. h3 exf4 21.
Nxf4 Ne5 22. Qc3 Rf7 23. Ne6 Re8 24. Bxe5 dxe5 25. Qxe5 Ree7 26. Qg3 Qb5 27.
Rxf7 Rxf7 28. Qh4 Rf1+ 29. Kh2 Bg1+ 30. Kg3 Bf2+ 31. Kg4 Qe2+ 32. Kg5 Bxh4+ 33.
Kxh4 Qxe4+ 34. Kg3 Rxa1 0-1

[Event "Koge Bugt Efteraar 2010"]
[Site "Solrod Skole"]
[Date "2010.09.01"]
[Round "3.6"]
[White "Wieland, Carsten"]
[Black "Krag-Jacobsen, Alan"]
[Result "0-1"]
[WhiteElo "1562"]
[BlackElo "1446"]
[PlyCount "76"]
[EventDate "2010.??.??"]
[WhiteTeam "Solrød Skakklub"]
[BlackTeam "Solrød Skakklub"]

1. d4 Nf6 2. c4 g6 3. Nf3 d6 4. Nc3 Bg7 5. e3 O-O 6. Bd3 Nbd7 7. O-O a5 8. Bd2
Re8 9. Qc2 e5 10. dxe5 dxe5 11. Rfd1 b6 12. e4 Nc5 13. Bg5 Qd6 14. Nb5 Qc6 15.
Bxf6 Bxf6 16. Nc3 Be6 17. Nd5 Bg7 18. Ng5 Bg4 19. Re1 h6 20. h3 Bd7 21. Nf3
Rad8 22. b4 axb4 23. Nxb4 Qb7 24. Rac1 Ba4 25. Qb1 Rd6 26. Bc2 Bxc2 27. Rxc2
Nxe4 28. Nd5 Nc5 29. Nd2 f5 30. Nb3 Nd3 31. Rd1 e4 32. Na5 Qc8 33. Nb3 Qd8 34.
Nd2 Bd4 35. Nb3 Bg7 36. f3 Ne5 37. fxe4 c6 38. Nf4 Rxd1+ 0-1

[Event "Koge Bugt Efteraar 2010"]
[Site "Solrod Skole"]
[Date "2010.09.01"]
[Round "3.7"]
[White "Hansen, Erik Levin"]
[Black "Nielsen, Kai Gylling"]
[Result "0-1"]
[WhiteElo "1822"]
[BlackElo "1891"]
[PlyCount "92"]
[EventDate "2010.??.??"]
[WhiteTeam "Haslev Skakklub"]
[BlackTeam "Roskilde Skakklub"]

1. e4 e6 2. d4 d5 3. e5 c5 4. c3 Nc6 5. Nf3 cxd4 6. cxd4 Bb4+ 7. Bd2 Qb6 8. a3
Bxd2+ 9. Qxd2 Nge7 10. Nc3 Nf5 11. Bb5 Bd7 12. Bxc6 Bxc6 13. O-O O-O 14. Rfc1
Rad8 15. Nd1 f6 16. exf6 Rxf6 17. Ne3 Rdf8 18. Ng4 Rg6 19. Nfe5 Rxg4 20. Nxg4
Nxd4 21. Qe3 Nb3 22. Qxe6+ Kh8 23. Qe5 Nxa1 24. Rxa1 Re8 25. Qc3 d4 26. Qg3
Qxb2 27. Rf1 d3 28. Ne3 d2 29. Nf5 Qe5 30. Qd3 Be4 31. Qxd2 Bxf5 32. Qb4 Bd3
33. Rc1 a6 34. h3 Bb5 35. a4 Bc6 36. Kh1 Qg5 37. Rg1 Qf5 38. Qh4 Rf8 39. f3 g5
40. Qd4+ Qf6 41. Qc5 Kg7 42. Re1 Rf7 43. Re5 h6 44. Qe3 Rd7 45. Qe1 Bxa4 46.
Re3 Rd1 0-1

[Event "Koge Bugt Efteraar 2010"]
[Site "Solrod Skole"]
[Date "2010.09.01"]
[Round "3.8"]
[White "Knudsen, Martin Mosgaard"]
[Black "Sørensen, Aron Frank"]
[Result "1/2-1/2"]
[WhiteElo "1482"]
[BlackElo "1611"]
[PlyCount "82"]
[EventDate "2010.??.??"]
[WhiteTeam "Roskilde Skakklub"]
[BlackTeam "Solrød Skakklub"]

1. d4 d5 2. c3 g6 3. Nf3 Bg7 4. Bg5 Nf6 5. e3 O-O 6. Bd3 Nc6 7. Nbd2 Re8 8. Bf4
Nh5 9. Ne5 Nxe5 10. dxe5 c5 11. Qf3 d4 12. Bc4 Nxf4 13. Qxf4 e6 14. exd4 cxd4
15. cxd4 Bd7 16. O-O Bc6 17. Be2 Bd5 18. Rfc1 Rc8 19. b3 Rxc1+ 20. Rxc1 f6 21.
Qe3 fxe5 22. dxe5 Qb8 23. f4 Bf8 24. Bf3 b6 25. Qc3 Bc5+ 26. Kf1 a5 27. Ne4
Bxe4 28. Bxe4 Rd8 29. Bf3 Rd4 30. g3 Qd8 31. Ke2 Qd7 32. a4 Kf7 33. Rc2 Kg7 34.
Rd2 Rxd2+ 35. Qxd2 Qxd2+ 36. Kxd2 Bg1 37. h3 Bh2 38. Ke3 Bxg3 39. Bg4 Kf7 40.
Ke4 h5 41. Be2 Bh4 1/2-1/2

[Event "Koge Bugt Efteraar 2010"]
[Site "Solrod Skole"]
[Date "2010.09.01"]
[Round "3.9"]
[White "Johannsen, Bjørn"]
[Black "Orup, Kim Amdi"]
[Result "1-0"]
[WhiteElo "1609"]
[BlackElo "1553"]
[PlyCount "63"]
[EventDate "2010.??.??"]
[WhiteTeam "Haslev Skakklub"]
[BlackTeam "Køge Skakklub"]

1. b3 e5 2. Bb2 Nc6 3. e3 d6 4. Nc3 Be6 5. Nf3 a6 6. d4 exd4 7. Nxd4 Nxd4 8.
Qxd4 c5 9. Qd2 Nf6 10. Bd3 Be7 11. Ne2 O-O 12. O-O Ne8 13. c4 f5 14. Nf4 Bf7
15. Bxf5 g5 16. Ne6 Qc8 17. Qd3 Bg6 18. Bxg6 Qxe6 19. Bxh7+ Kf7 20. Bf5 Nf6 21.
Bxe6+ Kxe6 22. Bxf6 Bxf6 23. Qd5+ Kd7 24. Qxb7+ Ke6 25. Rad1 Be5 26. Rd2 Rh8
27. g3 a5 28. Rfd1 Rhb8 29. Qe4 Kf7 30. Rxd6 Bxd6 31. Rxd6 Re8 32. Qg6+ 1-0

[Event "Koge Bugt Efteraar 2010"]
[Site "Solrod Skole"]
[Date "2010.09.01"]
[Round "3.10"]
[White "Jørgensen, Leif"]
[Black "Kristensen, Benny"]
[Result "0-1"]
[WhiteElo "1704"]
[BlackElo "1618"]
[PlyCount "62"]
[EventDate "2010.??.??"]
[WhiteTeam "Solrød Skakklub"]
[BlackTeam "Skovbo Skakklub"]

1. e4 c5 2. Nf3 d6 3. Bc4 e6 4. Nc3 Nc6 5. O-O Nf6 6. Re1 a6 7. a4 Be7 8. d4
cxd4 9. Nxd4 O-O 10. Nf3 Qc7 11. Bg5 Bd7 12. Qe2 Rac8 13. Bb3 Ne5 14. Rad1 Rfd8
15. Rd4 Qc5 16. Red1 Nxf3+ 17. Qxf3 Qxg5 18. Ne2 Bc6 19. Ng3 h5 20. Ne2 d5 21.
exd5 Nxd5 22. Qh3 Bc5 23. R4d2 Be7 24. c4 Nf4 25. Nxf4 Qxf4 26. Rxd8+ Rxd8 27.
Qxh5 Rxd1+ 28. Qxd1 Bd6 29. g3 Qf3 30. Qxf3 Bxf3 31. h4 Be5 0-1

[Event "Koge Bugt Efteraar 2010"]
[Site "Solrod Skole"]
[Date "2010.09.01"]
[Round "3.11"]
[White "Forsmann, Henning"]
[Black "Hansen, Erik Friberg"]
[Result "1-0"]
[WhiteElo "1764"]
[BlackElo "1558"]
[PlyCount "95"]
[EventDate "2010.??.??"]
[WhiteTeam "Solrød Skakklub"]
[BlackTeam "Ishøj Skakklub"]

1. Nf3 Nf6 2. c4 c5 3. g3 Nc6 4. Bg2 g6 5. O-O Bg7 6. Nc3 O-O 7. b3 d6 8. Bb2
Bg4 9. h3 Bxf3 10. Bxf3 Qd7 11. Bg2 a6 12. Na4 Qc7 13. e3 e5 14. Nc3 Ne7 15.
Rc1 Rad8 16. d4 exd4 17. exd4 b6 18. Nd5 Nfxd5 19. cxd5 Qd7 20. Rc2 Rc8 21.
dxc5 Rxc5 22. Rxc5 bxc5 23. Bc1 Rc8 24. Qe2 Qb7 25. Re1 Bf8 26. Kh2 Qb5 27. Qg4
Qb7 28. Bf4 Rd8 29. h4 Qd7 30. Qf3 Nf5 31. Bh3 Re8 32. Bxf5 gxf5 33. Rg1 Be7
34. Qh5 Kh8 35. Qxf7 Rf8 36. Qh5 Qe8 37. Qf3 Rg8 38. Qc3+ Rg7 39. Re1 Kg8 40.
Bxd6 Qd7 41. Be5 Rg6 42. Qf3 Bf6 43. Bf4 Qd8 44. Re6 Kf7 45. Rxa6 Rg4 46. d6
Bxh4 47. Qd5+ Kg6 48. d7+ 1-0

[Event "Koge Bugt Efteraar 2010"]
[Site "Solrod Skole"]
[Date "2010.09.08"]
[Round "4.1"]
[White "Hestehauge, Klaus"]
[Black "Christensen, Verner"]
[Result "0-1"]
[WhiteElo "1983"]
[BlackElo "1968"]
[PlyCount "30"]
[EventDate "2010.??.??"]
[WhiteTeam "Køge Skakklub"]
[BlackTeam "Solrød Skakklub"]

1. d4 f5 2. Bg5 g6 3. Nc3 Bg7 4. Nf3 Nf6 5. Qd2 d6 6. Bxf6 exf6 7. O-O-O Be6 8.
Re1 d5 9. h3 h5 10. Qd3 c6 11. Nh4 Bf7 12. f3 Qc7 13. e4 Qg3 14. Qe2 O-O 15.
Qe3 Bh6 0-1

[Event "Koge Bugt Efteraar 2010"]
[Site "Solrod Skole"]
[Date "2010.09.08"]
[Round "4.2"]
[White "Krag-Jacobsen, Alan"]
[Black "Larsen, Poul M"]
[Result "1/2-1/2"]
[WhiteElo "1446"]
[BlackElo "1542"]
[PlyCount "100"]
[EventDate "2010.??.??"]
[WhiteTeam "Solrød Skakklub"]
[BlackTeam "Haslev Skakklub"]

1. e4 c6 2. d4 d5 3. exd5 cxd5 4. c4 dxc4 5. Bxc4 e6 6. a3 a6 7. Nf3 b5 8. Ba2
Bb7 9. Be3 Be7 10. O-O Nf6 11. Nbd2 O-O 12. Rc1 Nbd7 13. Qe2 Nb6 14. Rfd1 Nfd5
15. Ne5 Qd6 16. Ndf3 Rac8 17. Bd2 Rxc1 18. Rxc1 Rc8 19. Qe1 Rxc1 20. Qxc1 Qc7
21. Qd1 Na4 22. Bc1 Nac3 23. bxc3 Nxc3 24. Qd2 Nxa2 25. Bb2 Bd5 26. Ng4 b4 27.
axb4 Bxb4 28. Qe2 a5 29. Ne3 Nc3 30. Qc2 Be4 31. Qb3 Bd5 32. Qc2 f6 33. Ne1 Be4
34. Qb3 Nd5 35. Nd3 Bxd3 36. Qxd3 g6 37. h3 Qc6 38. Qe4 Ne7 39. Qd3 Kf7 40. Nc4
Nd5 41. Ne3 Nf4 42. Qf1 Bc3 43. Bxc3 Qxc3 44. Qa6 Qc1+ 45. Kh2 Qc7 46. g3 Nd5
47. Nc4 Ne7 48. Nxa5 Nd5 49. Nc6 Qb6 50. Qc4 Kg7 1/2-1/2

[Event "Koge Bugt Efteraar 2010"]
[Site "Solrod Skole"]
[Date "2010.09.08"]
[Round "4.3"]
[White "Hald, Morten Hansen"]
[Black "Krogh, Peter Ove"]
[Result "0-1"]
[WhiteElo "1407"]
[BlackElo "1922"]
[PlyCount "81"]
[EventDate "2010.??.??"]
[WhiteTeam "Køge Skakklub"]
[BlackTeam "Køge Skakklub"]

1. d4 Nf6 2. Bg5 e6 3. e4 h6 4. Bxf6 Qxf6 5. Nf3 c5 6. c3 cxd4 7. cxd4 Bb4+ 8.
Nbd2 Nc6 9. a3 Ba5 10. b4 Bb6 11. Nb3 d6 12. Bc4 O-O 13. O-O e5 14. d5 Ne7 15.
Qd3 g5 16. a4 Ng6 17. Ne1 Nf4 18. Qg3 h5 19. Nf3 g4 20. h4 Kh8 21. Ng5 Qg6 22.
Nd2 Bd8 23. Ra3 Bxg5 24. hxg5 Qxg5 25. Nf3 Qg6 26. Nd2 Kg7 27. f3 Rh8 28. Qh4
gxf3 29. g3 Ne2+ 30. Bxe2 fxe2 31. Re1 Bg4 32. a5 Rac8 33. Ra2 Rc3 34. Kg2 f6
35. Rb1 Kh6 36. Kf2 Rhc8 37. Qh1 Qg5 38. Qe1 Qe3+ 39. Kg2 Bf3+ 40. Kh2 Rc1 41.
Rxc1 0-1

[Event "Koge Bugt Efteraar 2010"]
[Site "Solrod Skole"]
[Date "2010.09.08"]
[Round "4.4"]
[White "Nielsen, Kai Gylling"]
[Black "Thomsen, Heinrich Kirch"]
[Result "1-0"]
[WhiteElo "1891"]
[BlackElo "1259"]
[PlyCount "102"]
[EventDate "2010.??.??"]
[WhiteTeam "Roskilde Skakklub"]
[BlackTeam "Solrød Skakklub"]

1. Nf3 Nf6 2. b3 g6 3. Bb2 Bg7 4. Nc3 O-O 5. e4 d6 6. d4 e5 7. d5 c6 8. Be2
cxd5 9. exd5 Nbd7 10. O-O a6 11. a4 Nh5 12. g3 f5 13. Na2 Nhf6 14. c4 Re8 15.
Re1 Nc5 16. Nc3 Qb6 17. Nd2 e4 18. a5 Qa7 19. Nf1 g5 20. b4 Ncd7 21. Ne3 f4 22.
Nf5 f3 23. Bf1 Ng4 24. Ne3 Nde5 25. c5 dxc5 26. bxc5 Nxe3 27. Rxe3 Bf5 28. Na4
Ng4 29. Rb3 e3 30. fxe3 f2+ 31. Kh1 Be4+ 32. Bg2 Bxg2+ 33. Kxg2 Bxb2 34. Nxb2
Nxe3+ 35. Rxe3 Rxe3 36. Nd3 Rxd3 37. Qxd3 Qxc5 38. Qd2 Qf8 39. Rf1 Qg7 40. Rxf2
Rf8 41. Re2 Qa1 42. Qxg5+ Kh8 43. Qe5+ Qxe5 44. Rxe5 Rd8 45. Kf3 Kg7 46. Ke4
Kf7 47. Re6 Rc8 48. Rb6 Rc4+ 49. Ke5 Rc5 50. Rxb7+ Ke8 51. Ke6 Rxa5 1-0

[Event "Koge Bugt Efteraar 2010"]
[Site "Solrod Skole"]
[Date "2010.09.08"]
[Round "4.6"]
[White "Kristensen, Benny"]
[Black "Sørensen, Aron Frank"]
[Result "1/2-1/2"]
[WhiteElo "1618"]
[BlackElo "1611"]
[PlyCount "30"]
[EventDate "2010.??.??"]
[WhiteTeam "Skovbo Skakklub"]
[BlackTeam "Solrød Skakklub"]

1. e4 Nf6 2. e5 Nd5 3. d4 d6 4. Nf3 Bg4 5. Be2 c6 6. O-O dxe5 7. dxe5 Bxf3 8.
Bxf3 e6 9. b3 Nd7 10. Bb2 Qc7 11. Qe2 Be7 12. Nd2 O-O 13. Rac1 Nf4 14. Qe4 Ng6
15. Rfe1 Bg5 1/2-1/2

[Event "Koge Bugt Efteraar 2010"]
[Site "Solrod Skole"]
[Date "2010.09.08"]
[Round "4.7"]
[White "Wieland, Carsten"]
[Black "Forsmann, Henning"]
[Result "0-1"]
[WhiteElo "1562"]
[BlackElo "1764"]
[PlyCount "38"]
[EventDate "2010.??.??"]
[WhiteTeam "Solrød Skakklub"]
[BlackTeam "Solrød Skakklub"]

1. d4 e6 2. c4 Nf6 3. Nf3 b6 4. e3 Bb7 5. Nc3 Bb4 6. Bd3 O-O 7. O-O Bxc3 8.
bxc3 d6 9. Qe2 Nbd7 10. Rd1 Ne4 11. Qc2 Ndf6 12. Nd2 Nxf2 13. Kxf2 Ng4+ 14. Kg1
Nxe3 15. Qb3 Qg5 16. g3 Qh5 17. Re1 Qh3 18. Re2 h5 19. Ne4 Qf1# 0-1

[Event "Koge Bugt Efteraar 2010"]
[Site "Solrod Skole"]
[Date "2010.09.08"]
[Round "4.8"]
[White "Orup, Kim Amdi"]
[Black "Knudsen, Martin Mosgaard"]
[Result "0-1"]
[WhiteElo "1553"]
[BlackElo "1482"]
[PlyCount "110"]
[EventDate "2010.??.??"]
[WhiteTeam "Køge Skakklub"]
[BlackTeam "Roskilde Skakklub"]

1. e4 e6 2. d4 d5 3. exd5 exd5 4. Nc3 Nf6 5. Be2 Bf5 6. Nf3 c6 7. O-O Bd6 8.
Bg5 h6 9. Bxf6 Qxf6 10. Re1 O-O 11. a3 Nd7 12. h3 Rfe8 13. Bd3 Nf8 14. Qd2 Nh7
15. Rxe8+ Rxe8 16. Bxf5 Qxf5 17. Re1 Rxe1+ 18. Qxe1 Qxc2 19. Nd1 Nf6 20. Nd2
Ne4 21. Nxe4 dxe4 22. g3 Qd3 23. Nc3 Qxd4 24. Qxe4 Be5 25. Qxd4 Bxd4 26. Nd1 f5
27. Kg2 Kf7 28. Kf3 Ke6 29. Ke2 Kd5 30. Kd3 b5 31. b4 a6 32. f3 Bb6 33. Nc3+
Ke5 34. f4+ Ke6 35. a4 Bf2 36. axb5 axb5 37. g4 Be1 38. Na2 g6 39. Ke2 Bg3 40.
Kf3 Bh4 41. Ke3 Kd5 42. Kd3 Be7 43. Nc3+ Ke6 44. Na2 Bd6 45. gxf5+ Kxf5 46. Nc3
Bxb4 47. Ne2 Bd6 48. Nd4+ Kxf4 49. Nxc6 Kg3 50. Nd4 b4 51. Nb5 Be7 52. Nd4 Kxh3
53. Ke4 Kg4 54. Nc6 b3 55. Nxe7 b2 0-1

[Event "Koge Bugt Efteraar 2010"]
[Site "Solrod Skole"]
[Date "2010.09.08"]
[Round "4.9"]
[White "Pondal, Jesper"]
[Black "Jørgensen, Leif"]
[Result "1/2-1/2"]
[WhiteElo "1844"]
[BlackElo "1704"]
[PlyCount "52"]
[EventDate "2010.??.??"]
[WhiteTeam "Køge Skakklub"]
[BlackTeam "Solrød Skakklub"]

1. d4 d5 2. Nc3 e6 3. Nf3 Nf6 4. Bg5 Be7 5. Bxf6 Bxf6 6. e4 c6 7. Qd2 O-O 8.
Bd3 Re8 9. e5 Be7 10. Ne2 Nd7 11. h4 h6 12. g4 f6 13. exf6 Nxf6 14. Ne5 Ne4 15.
Bxe4 dxe4 16. Ng6 Bf6 17. Qe3 e5 18. dxe5 Bxe5 19. g5 h5 20. Rd1 Qa5+ 21. c3
Bf5 22. Nxe5 Rxe5 23. a3 Bg4 24. O-O Bf3 25. Rd7 Bxe2 26. Qxe2 Rxg5+ 1/2-1/2

[Event "Koge Bugt Efteraar 2010"]
[Site "Solrod Skole"]
[Date "2010.09.15"]
[Round "5.1"]
[White "Christensen, Verner"]
[Black "Larsen, Poul M"]
[Result "1-0"]
[WhiteElo "1968"]
[BlackElo "1542"]
[PlyCount "81"]
[EventDate "2010.??.??"]
[WhiteTeam "Solrød Skakklub"]
[BlackTeam "Haslev Skakklub"]

1. e4 c6 2. Nc3 d5 3. Nf3 dxe4 4. Nxe4 Bf5 5. Ng3 Bg6 6. h4 h6 7. Bc4 e6 8. d3
Nd7 9. Bf4 Nb6 10. Bb3 Nd5 11. Qd2 Ngf6 12. O-O-O Bb4 13. c3 Nxf4 14. Qxf4 Bd6
15. Qd2 Qc7 16. Ne2 Bh5 17. Nfd4 Bxe2 18. Qxe2 O-O-O 19. Qf3 Kb8 20. h5 Bf4+
21. Kb1 Nd5 22. Rh4 Bg5 23. Re4 Nf6 24. Ree1 Qf4 25. Qe2 Qg4 26. Qe5+ Ka8 27.
g3 Qxh5 28. f4 Nd7 29. Qa5 b6 30. Qa4 b5 31. Qa3 Bf6 32. Nxc6 Qc5 33. Qxc5 Nxc5
34. Nxd8 Rxd8 35. Bc2 g5 36. d4 Na6 37. f5 Nc7 38. fxe6 fxe6 39. Rf1 Ne8 40.
Rde1 Rd6 41. Bg6 1-0

[Event "Koge Bugt Efteraar 2010"]
[Site "Solrod Skole"]
[Date "2010.09.15"]
[Round "5.2"]
[White "Refsgaard, Kaj"]
[Black "Hestehauge, Klaus"]
[Result "0-1"]
[WhiteElo "1753"]
[BlackElo "1983"]
[PlyCount "50"]
[EventDate "2010.??.??"]
[WhiteTeam "Jernbanens Skakklub"]
[BlackTeam "Køge Skakklub"]

1. d4 Nf6 2. Nf3 d5 3. Bg5 e6 4. e3 Be7 5. Bd3 O-O 6. O-O b6 7. Nbd2 Bb7 8. Rc1
Nbd7 9. c4 c5 10. cxd5 Nxd5 11. Bxe7 Qxe7 12. Bb1 Rfc8 13. Re1 cxd4 14. Rxc8+
Rxc8 15. Nxd4 N7f6 16. e4 Nf4 17. Qf3 Ng6 18. Qg3 Qb4 19. N4b3 e5 20. Qe3 Qd6
21. h3 h6 22. g3 Ba6 23. Kh2 Nd7 24. Rc1 Rxc1 25. Nxc1 Nc5 0-1

[Event "Koge Bugt Efteraar 2010"]
[Site "Solrod Skole"]
[Date "2010.09.15"]
[Round "5.3"]
[White "Krogh, Peter Ove"]
[Black "Nielsen, Kai Gylling"]
[Result "0-1"]
[WhiteElo "1922"]
[BlackElo "1891"]
[PlyCount "106"]
[EventDate "2010.??.??"]
[WhiteTeam "Køge Skakklub"]
[BlackTeam "Roskilde Skakklub"]

1. c4 Nf6 2. Nc3 e6 3. e4 Nc6 4. g3 d5 5. exd5 exd5 6. cxd5 Nxd5 7. Bg2 Be6 8.
Nge2 Be7 9. O-O O-O 10. d4 Qd7 11. Qc2 Rad8 12. a3 a6 13. Re1 Rfe8 14. Be3 Bf5
15. Qb3 Nxe3 16. fxe3 b5 17. Nf4 Bg5 18. d5 Ne5 19. e4 Bg6 20. Rad1 Qd6 21.
Nxg6 hxg6 22. Kh1 Ng4 23. Rf1 Ne3 24. Rf3 Nxd1 25. Qxd1 c6 26. Qf1 Bf6 27. dxc6
Qxc6 28. Nd5 Rd6 29. Rf2 Qc4 30. Qd1 Rc6 31. Qf3 Qd4 32. h4 Re5 33. Kh2 Rd6 34.
Rc2 Rh5 35. Kh3 Qe5 36. Qb3 g5 37. Bf3 Rh6 38. h5 g4+ 39. Bxg4 Qxe4 40. Ne3 Rd8
41. Nf5 Rh7 42. Re2 Qh1+ 43. Rh2 Qf1+ 44. Rg2 g6 45. Ne3 Qh1+ 46. Rh2 Qe4 47.
Ng2 gxh5 48. Bd1 Qf5+ 49. g4 hxg4+ 50. Kg3 Rd3+ 51. Ne3 Rxb3 52. Rxh7 Rxe3+ 53.
Kg2 Qxh7 0-1

[Event "Koge Bugt Efteraar 2010"]
[Site "Solrod Skole"]
[Date "2010.09.15"]
[Round "5.4"]
[White "Krag-Jacobsen, Alan"]
[Black "Johannsen, Bjørn"]
[Result "1/2-1/2"]
[WhiteElo "1446"]
[BlackElo "1609"]
[PlyCount "26"]
[EventDate "2010.??.??"]
[WhiteTeam "Solrød Skakklub"]
[BlackTeam "Haslev Skakklub"]

1. e4 c6 2. d4 d5 3. exd5 cxd5 4. c4 e6 5. c5 Nc6 6. Nf3 h6 7. Bb5 Bd7 8. O-O
Be7 9. Nc3 Nf6 10. a3 a6 11. Bxc6 Bxc6 12. b4 Nd7 13. Bf4 O-O 1/2-1/2

[Event "Koge Bugt Efteraar 2010"]
[Site "Solrod Skole"]
[Date "2010.09.15"]
[Round "5.5"]
[White "Knudsen, Martin Mosgaard"]
[Black "Nielsen, Steen"]
[Result "1-0"]
[WhiteElo "1482"]
[BlackElo "1447"]
[PlyCount "109"]
[EventDate "2010.??.??"]
[WhiteTeam "Roskilde Skakklub"]
[BlackTeam "Solrød Skakklub"]

1. Nf3 d5 2. d4 e6 3. Nc3 c5 4. dxc5 Bxc5 5. e3 Nf6 6. Be2 Nc6 7. O-O a6 8. a3
b5 9. b3 Bb7 10. Bb2 O-O 11. Bd3 Qc7 12. e4 Rfd8 13. exd5 Nxd5 14. Ne2 Rac8 15.
Qd2 Be7 16. Ng5 h6 17. Nf3 Nf6 18. h3 Nd5 19. Rad1 Bf6 20. Bxf6 Nxf6 21. Qc3
Qe7 22. b4 Na5 23. Qb2 Nc4 24. Bxc4 Rxc4 25. Ne5 Rc7 26. Rxd8+ Qxd8 27. Nc3 Qd4
28. Nd1 Qxb2 29. Nxb2 Rxc2 30. Rb1 Bd5 31. Ned3 Ne4 32. a4 Nc3 33. Ra1 Nxa4 34.
Nxa4 bxa4 35. Rxa4 Ra2 36. Rxa2 Bxa2 37. Nc5 Bc4 38. g3 e5 39. f3 f5 40. Kf2
Kf7 41. Ke3 Ke7 42. f4 e4 43. Kd4 Bb5 44. g4 g6 45. Nb3 Bf1 46. gxf5 gxf5 47.
h4 Kf6 48. Nc5 Kg6 49. Nb7 Kh5 50. Nd6 Kxh4 51. Nxf5+ Kg4 52. Kxe4 h5 53. Ne3+
Kg3 54. Nxf1+ Kg2 55. f5 1-0

[Event "Koge Bugt Efteraar 2010"]
[Site "Solrod Skole"]
[Date "2010.09.15"]
[Round "5.6"]
[White "Sørensen, Aron Frank"]
[Black "Hald, Morten Hansen"]
[Result "1/2-1/2"]
[WhiteElo "1611"]
[BlackElo "1407"]
[PlyCount "97"]
[EventDate "2010.??.??"]
[WhiteTeam "Solrød Skakklub"]
[BlackTeam "Køge Skakklub"]

1. d4 d5 2. c4 Nc6 3. Nf3 Bg4 4. Nc3 e6 5. cxd5 Bxf3 6. gxf3 exd5 7. Rg1 Qh4 8.
Nxd5 Qd8 9. e4 Nge7 10. Bg5 f6 11. Nxf6+ gxf6 12. Bxf6 Qd6 13. Bxh8 O-O-O 14.
Bh3+ Kb8 15. d5 Bh6 16. Bc3 Qxh2 17. Rg3 Bf4 18. Rg4 h5 19. Rxf4 Qxf4 20. Qd2
Qxf3 21. Bf1 Qxe4+ 22. Qe2 Qxd5 23. Rd1 Qxd1+ 24. Qxd1 Rxd1+ 25. Kxd1 Nf5 26.
Bd3 Nfd4 27. f4 Kc8 28. Bg6 h4 29. Bh5 h3 30. Bg4+ Kd8 31. Bxh3 Ke7 32. Be1 Nf3
33. Bg2 Nxe1 34. Kxe1 Nd8 35. Ke2 b6 36. Ke3 Kf6 37. Bh3 Nc6 38. a3 Ne7 39. Ke4
c5 40. Bd7 Ng6 41. f5 Ne5 42. Be6 Ng4 43. Kd5 Ne3+ 44. Kc6 c4 45. Kb7 Nd1 46.
Bxc4 Nxb2 47. Be6 b5 48. Kxa7 Nc4 49. a4 1/2-1/2

[Event "Koge Bugt Efteraar 2010"]
[Site "Solrod Skole"]
[Date "2010.09.15"]
[Round "5.7"]
[White "Larsen, Jan Robert"]
[Black "Hansen, Erik Levin"]
[Result "1/2-1/2"]
[WhiteElo "1787"]
[BlackElo "1822"]
[PlyCount "35"]
[EventDate "2010.??.??"]
[WhiteTeam "Vordingborg Skakklub"]
[BlackTeam "Haslev Skakklub"]

1. e4 c6 2. d4 d5 3. Nc3 dxe4 4. Nxe4 Bf5 5. Ng3 Bg6 6. h4 h6 7. Nf3 Nd7 8. Bd3
Bxd3 9. Qxd3 Qc7 10. Bd2 e6 11. O-O-O Ngf6 12. Rhe1 O-O-O 13. Kb1 Bd6 14. Ne4
Nxe4 15. Qxe4 Rhe8 16. g3 Kb8 17. Ne5 Nf6 18. Qe2 1/2-1/2

[Event "Koge Bugt Efteraar 2010"]
[Site "Solrod Skole"]
[Date "2010.09.15"]
[Round "5.8"]
[White "Thomsen, Heinrich Kirch"]
[Black "Kristensen, Benny"]
[Result "0-1"]
[WhiteElo "1259"]
[BlackElo "1618"]
[PlyCount "58"]
[EventDate "2010.??.??"]
[WhiteTeam "Solrød Skakklub"]
[BlackTeam "Skovbo Skakklub"]

1. e4 c5 2. Nf3 d6 3. d4 cxd4 4. Nxd4 Nf6 5. Nc3 a6 6. Bg5 e6 7. f4 Be7 8. Qf3
Nbd7 9. O-O-O Qc7 10. g4 b5 11. Bxf6 Nxf6 12. g5 Nd7 13. h4 Bb7 14. Bh3 Nc5 15.
Rhe1 b4 16. Nd5 exd5 17. exd5 O-O 18. Nf5 Rfe8 19. Rd2 Bf8 20. Rde2 Rxe2 21.
Rxe2 Rd8 22. c4 bxc3 23. Qxc3 Nd3+ 24. Kd2 Qxc3+ 25. bxc3 Nxf4 26. Ne7+ Kh8 27.
Nc6 Bxc6 28. dxc6 Nxh3 29. Re3 Nxg5 0-1

[Event "Koge Bugt Efteraar 2010"]
[Site "Solrod Skole"]
[Date "2010.09.15"]
[Round "5.9"]
[White "Hansen, Erik Friberg"]
[Black "Wieland, Carsten"]
[Result "1-0"]
[WhiteElo "1558"]
[BlackElo "1562"]
[PlyCount "88"]
[EventDate "2010.??.??"]
[WhiteTeam "Ishøj Skakklub"]
[BlackTeam "Solrød Skakklub"]

1. d4 Nf6 2. Nf3 e6 3. e3 b6 4. g3 Bb7 5. Bg2 Be7 6. Nbd2 d6 7. O-O Nbd7 8. b3
O-O 9. Bb2 Re8 10. Re1 Rc8 11. e4 h6 12. e5 dxe5 13. dxe5 Nh7 14. Rc1 Bb4 15.
a3 Be7 16. b4 c5 17. c3 cxb4 18. cxb4 Rb8 19. Nc4 Bd5 20. Nd4 Rc8 21. Bxd5 exd5
22. Nd6 Rxc1 23. Qxc1 Bxd6 24. exd6 Rxe1+ 25. Qxe1 Ndf6 26. Nf5 Kf8 27. Qe7+
Qxe7 28. dxe7+ Kg8 29. Nd6 a5 30. e8=Q+ Nxe8 31. Nxe8 axb4 32. axb4 Ng5 33.
Nxg7 Nf3+ 34. Kg2 Ne1+ 35. Kf1 Nf3 36. h3 d4 37. Nf5 Kh7 38. Nxd4 Nd2+ 39. Ke2
Nc4 40. Bc3 Nd6 41. Kd3 Kg6 42. Nf3 f5 43. Ne5+ Kf6 44. Nc4+ Kg6 1-0

[Event "Koge Bugt Efteraar 2010"]
[Site "Solrod Skole"]
[Date "2010.09.15"]
[Round "5.10"]
[White "Jørgensen, Leif"]
[Black "Orup, Kim Amdi"]
[Result "0-1"]
[WhiteElo "1704"]
[BlackElo "1553"]
[PlyCount "118"]
[EventDate "2010.??.??"]
[WhiteTeam "Solrød Skakklub"]
[BlackTeam "Køge Skakklub"]

1. e4 e5 2. Nf3 d6 3. Bc4 Nf6 4. Nc3 Bg4 5. d3 h6 6. O-O Be7 7. Nd5 Nbd7 8. Be3
c6 9. Nxe7 Qxe7 10. h3 Bh5 11. Re1 b5 12. Bb3 a5 13. a4 b4 14. Rc1 O-O 15. c3
c5 16. cxb4 axb4 17. g4 Nxg4 18. hxg4 Bxg4 19. Qe2 Qf6 20. Kg2 Qg6 21. Nh4 Qh5
22. f3 Be6 23. Bxe6 fxe6 24. Rh1 Rf6 25. Rcg1 Qf7 26. Kf2 Kf8 27. Rg3 Ke7 28.
Rhg1 g5 29. Qd2 Kd8 30. Bxg5 hxg5 31. Qxg5 Kc7 32. b3 Kb6 33. Ng2 Rf8 34. Qe3
Qh7 35. Ne1 Qh4 36. Ke2 Qh2+ 37. R1g2 Qh5 38. Rf2 Rf4 39. Nc2 Ka5 40. Ne1 d5
41. exd5 exd5 42. Kd2 Qf7 43. Rfg2 d4 44. Qe2 Qxb3 45. Qd1 Qxa4 46. Qxa4+ Kxa4
47. Kc1 b3 48. Rg7 R4f7 49. R2g6 Kb4 50. Rxf7 Rxf7 51. Kb2 Rf6 52. Rg7 Rd6 53.
Re7 c4 54. dxc4 Kxc4 55. Re8 d3 56. Rc8+ Nc5 57. Kc1 d2+ 58. Kd1 dxe1=Q+ 59.
Kxe1 Rb6 0-1